000 00503nam a2200181Ia 4500
003 LK-CoDNM
005 20240314150752.0
008 010623t1910 xxu||||| |||| 00| 1 Pali d
040 _aLK-CoDNM
_dLK-CoDNM
_eLK-CoDNM
041 _aPali
080 _a104 EE36
100 _aSasanalankara thero
245 _aවිනයාර්ථ සංග්‍ර‍හව
246 _aVinayaartha thero
260 _bA.W.Aelpisinno,M.Babasinno
_aWelitara
_c1910
300 _bDamaged
_a18p.,22 cm
942 _cBK
999 _c87387
_d87387